Die Italiener an der Ostfront 1942/43 : Dokumente zu Mussolinis Krieg gegen die Sowjetunion

Bibliographische Detailangaben
Weitere Verfasser: Schlemmer, Thomas 1967- (HerausgeberIn), Kuck, Gerhard 1953- (ÜbersetzerIn)
Format: Buch
Sprache:German
Veröffentlicht: München : Oldenbourg, 2005
Mit dem übergeordneten Werk verknüpfte Titel:Schriftenreihe der Vierteljahrshefte für Zeitgeschichte 91
Zugriff auf das übergeordnete Werk:Schriftenreihe der Vierteljahrshefte für Zeitgeschichte
Schlagworte:World War, 1939-1945 Italiener Zweiter Weltkrieg Ostfront Militär Russlandfeldzug Kriegführung Militärische Intervention Kriegsursache Besatzungspolitik mehr... Militärische Kooperation Italien Geschichte 1942-1943 Quelle Sowjetunion Weltkrieg <1939-1945> Sowjetunion, Armee, Dokument, Soldaten, Front, Register, Verzeichnis, Forschung 1942-1943
Umfang:VI, 291 S.
LEADER 01000cam a2200265 c 4500
001 1619081113
003 DE-627
005 20260401094947.0
007 tu
008 050727s2005 gw ||||| 00| ||ger c
015 |a 05,N34,1462  |2 dnb 
015 |a 06,A14,2110  |2 dnb 
016 7 |a 975905147  |2 DE-101 
020 |a 3486578472  |9 3-486-57847-2 
020 |a 9783486578478  |9 978-3-486-57847-8 
024 3 |a 9783486578478 
035 |a (DE-627)1619081113 
035 |a (DE-603)13032924X 
035 |a (DE-576)118814168 
035 |a (DE-599)BSZ118814168 
035 |a (OCoLC)181470732 
035 |a (OCoLC)181470732 
035 |a (OCoLC)62267238 
035 |a (DE-615)00471576 
035 |a (AT-OBV)AC04819465 
040 |a DE-627  |b ger  |c DE-627  |e rakwb 
041 |a ger 
044 |c XA-DE-BY 
050 0 |a D411 
050 0 |a D764 
082 0 4 |a 940 
084 |a RA07.01  |2 fivr 
084 |a RA06.03  |2 fivr 
084 |a SA02  |2 fivs 
084 |a SC05  |2 fivs 
084 |a 7,41  |a 8,2  |2 ssgn 
084 |a NQ 2650  |2 rvk  |0 (DE-625)rvk/128296: 
084 |a NQ 4025  |2 rvk  |0 (DE-625)rvk/128455: 
084 |a 15.24  |2 bkl 
084 |a 15.67  |2 bkl 
090 |a a 
245 0 4 |a Die Italiener an der Ostfront 1942/43  |b Dokumente zu Mussolinis Krieg gegen die Sowjetunion  |c hrsg. und eingel. von Thomas Schlemmer 
246 3 0 |a 1943 
263 |a EUR 35.00 
264 1 |a München  |b Oldenbourg  |c 2005 
300 |a VI, 291 S.  |b Ill., Kt. 
336 |a Text  |b txt  |2 rdacontent 
337 |a ohne Hilfsmittel zu benutzen  |b n  |2 rdamedia 
338 |a Band  |b nc  |2 rdacarrier 
490 1 |a Vierteljahrshefte für Zeitgeschichte  |a Schriftenreihe  |v 91 
500 |a Literaturverz. S. [275] - 283 
583 1 |a Archivierung/Langzeitarchivierung gewährleistet  |f SLG  |x XA-DE-BW  |z BfZ  |2 pdager  |5 DE-24 
610 1 0 |a Italy  |b Regio Esercito  |x History  |y World War, 1939-1945  |v Sources 
610 1 0 |a Germany  |b Heer  |x History  |y World War, 1939-1945  |v Sources 
648 7 |a Geschichte 1942-1943  |2 gnd 
650 0 |a World War, 1939-1945  |x Campaigns  |z Eastern Front  |v Sources 
650 0 7 |0 (DE-588)4027835-9  |0 (DE-627)106283227  |0 (DE-576)208972528  |a Italiener  |2 gnd 
650 0 7 |0 (DE-588)4079167-1  |0 (DE-627)106075403  |0 (DE-576)209211199  |a Zweiter Weltkrieg  |2 gnd 
650 0 7 |0 (DE-588)4489581-1  |0 (DE-627)240713222  |0 (DE-576)212963376  |a Ostfront  |2 gnd 
650 0 7 |0 (DE-588)4039305-7  |0 (DE-627)104757574  |0 (DE-576)209034408  |a Militär  |2 gnd 
650 0 7 |0 (DE-588)4076906-9  |0 (DE-627)106081659  |0 (DE-576)209203390  |a Russlandfeldzug  |g 1941-1945  |2 gnd 
650 0 7 |0 (DE-588)4073817-6  |0 (DE-627)10609145X  |0 (DE-576)209191597  |a Kriegführung  |2 gnd 
650 0 7 |0 (DE-588)4027497-4  |0 (DE-627)106284363  |0 (DE-576)208971181  |a Militärische Intervention  |2 gnd 
650 0 7 |0 (DE-588)4138422-2  |0 (DE-627)105642770  |0 (DE-576)209685905  |a Kriegsursache  |2 gnd 
650 0 7 |0 (DE-588)4005975-3  |0 (DE-627)10477858X  |0 (DE-576)208863869  |a Besatzungspolitik  |2 gnd 
650 0 7 |0 (DE-588)4039338-0  |0 (DE-627)104321784  |0 (DE-576)209034505  |a Militärische Kooperation  |2 gnd 
650 4 |a Italien  |x Sowjetunion  |x Kriegführung  |x Weltkrieg 2. (1939-1945)  |x Militärische Intervention  |x Kriegsursachen  |x Besatzungspolitik  |x Militärische Zusammenarbeit  |x Deutsches Reich 
650 4 |a Geschichte 1942-1943  |7 (dpeaa)DE-2491 
650 4 |a Quelle  |7 (dpeaa)DE-2491 
650 4 |a Italien  |7 (dpeaa)DE-2491 
650 4 |a Sowjetunion  |7 (dpeaa)DE-2491 
650 4 |a Weltkrieg <1939-1945>  |7 (dpeaa)DE-2491 
650 4 |a Sowjetunion, Armee, Dokument, Soldaten, Front, Register, Verzeichnis, Forschung 
651 7 |0 (DE-588)4027833-5  |0 (DE-627)106283235  |0 (DE-576)208972501  |a Italien  |2 gnd 
651 7 |0 (DE-588)4027833-5  |0 (DE-627)106283235  |0 (DE-576)208972501  |a Italien  |2 gnd 
651 7 |0 (DE-588)4077548-3  |0 (DE-627)104152052  |0 (DE-576)20920558X  |a Sowjetunion  |2 gnd 
651 7 |0 (DE-588)2008993-4  |0 (DE-627)101639600  |0 (DE-576)191639591  |a Deutsches Reich  |2 gnd 
655 7 |a Quelle  |0 (DE-588)4135952-5  |0 (DE-627)105661236  |0 (DE-576)209665084  |2 gnd-content 
689 0 0 |D g  |0 (DE-588)4027833-5  |0 (DE-627)106283235  |0 (DE-576)208972501  |a Italien  |2 gnd 
689 0 1 |D s  |0 (DE-588)4039305-7  |0 (DE-627)104757574  |0 (DE-576)209034408  |a Militär  |2 gnd 
689 0 2 |D s  |0 (DE-588)4076906-9  |0 (DE-627)106081659  |0 (DE-576)209203390  |a Russlandfeldzug  |g 1941-1945  |2 gnd 
689 0 |5 DE-101 
689 1 0 |D g  |0 (DE-588)4027833-5  |0 (DE-627)106283235  |0 (DE-576)208972501  |a Italien  |2 gnd 
689 1 1 |D s  |0 (DE-588)4079167-1  |0 (DE-627)106075403  |0 (DE-576)209211199  |a Zweiter Weltkrieg  |2 gnd 
689 1 2 |D g  |0 (DE-588)4077548-3  |0 (DE-627)104152052  |0 (DE-576)20920558X  |a Sowjetunion  |2 gnd 
689 1 3 |A z  |2 gnd  |a Geschichte 1942-1943 
689 1 |5 (DE-627) 
700 1 |a Schlemmer, Thomas  |d 1967-  |e hrsg  |0 (DE-588)129111570  |0 (DE-627)389662771  |0 (DE-576)170846431  |4 edt 
700 1 |a Kuck, Gerhard  |d 1953-  |e übersetzerin  |0 (DE-588)1149693126  |0 (DE-627)1009900986  |0 (DE-576)16575043X  |4 trl 
830 0 |a Schriftenreihe der Vierteljahrshefte für Zeitgeschichte  |v 91  |9 91  |w (DE-627)129459402  |w (DE-576)014823187  |w (DE-600)200372-7  |x 0506-9408  |7 am 
856 4 2 |u http://bvbr.bib-bvb.de:8991/F?func=service&doc_library=BVB01&doc_number=013365295&line_number=0001&func_code=DB_RECORDS&service_type=MEDIA  |m V:DE-604  |q application/pdf  |3 Inhaltsverzeichnis  |7 1 
856 4 2 |u http://bvbr.bib-bvb.de:8991/F?func=service&doc_library=BVB01&doc_number=013365295&line_number=0002&func_code=DB_RECORDS&service_type=MEDIA  |m V:DE-604  |q application/pdf  |3 Klappentext  |7 1 
856 4 2 |u http://www.sehepunkte.de/2006/04/10831.html  |m V:DE-576;X:Sehepunkte  |q text/html  |v 20180424124030  |3 Rezension  |7 1 
856 4 2 |u http://www.gbv.de/dms/hebis-darmstadt/toc/13032924X.pdf  |m V:DE-603  |m B:DE-17  |q pdf/application  |x Verlag  |y Inhaltsverzeichnis  |3 Inhaltsverzeichnis  |7 1 
856 4 2 |u http://deposit.dnb.de/cgi-bin/dokserv?id=2668276&prov=M&dok_var=1&dok_ext=htm  |m X: MVB  |q text/html  |v 20130501  |x Verlag  |3 Inhaltstext  |7 1 
856 4 2 |u http://scans.hebis.de/HEBCGI/show.pl?13032924_toc.pdf  |m V:DE-603;B:DE-17  |q application/pdf  |3 Inhaltsverzeichnis  |7 1 
856 4 2 |u http://scans.hebis.de/HEBCGI/show.pl?13032924_kla.pdf  |m V:DE-604  |q application/pdf  |3 Klappentext  |7 1 
856 4 2 |u http://bvbm1.bib-bvb.de/webclient/DeliveryManager?pid=213794&custom_att_2=simple_viewer  |x Verlag  |3 Rezension  |7 1 
856 4 2 |u http://www.gbv.de/dms/faz-rez/FD120060407460496.pdf  |m V:DE-601  |m X:FAZ  |q pdf/application  |v 2009-04-30  |x Verlag  |y Rezension  |3 Rezension 
889 |w (DE-627)495800929 
912 |a GBV_ILN_11 
912 |a ISIL_DE-1a 
912 |a SYSFLAG_1 
912 |a GBV_KXP 
912 |a SSG-OPC-ANG 
912 |a GBV_ILN_20 
912 |a ISIL_DE-84 
912 |a GBV_ILN_21 
912 |a ISIL_DE-46 
912 |a GBV_ILN_22 
912 |a ISIL_DE-18 
912 |a GBV_ILN_22_i25008 
912 |a GBV_ILN_22_i07603 
912 |a GBV_ILN_24 
912 |a ISIL_DE-8 
912 |a GBV_ILN_24_f010 
912 |a GBV_ILN_31 
912 |a ISIL_DE-27 
912 |a GBV_ILN_40 
912 |a ISIL_DE-7 
912 |a GBV_ILN_40_i053 
912 |a GBV_ILN_69 
912 |a ISIL_DE-9 
912 |a GBV_ILN_70 
912 |a ISIL_DE-89 
912 |a GBV_ILN_72 
912 |a ISIL_DE-35 
912 |a GBV_ILN_77 
912 |a ISIL_DE-Hv14 
912 |a GBV_ILN_100 
912 |a ISIL_DE-Ma9 
912 |a GBV_ILN_110 
912 |a ISIL_DE-Luen4 
912 |a GBV_ILN_120 
912 |a ISIL_DE-715 
912 |a GBV_ILN_121 
912 |a ISIL_DE-45 
912 |a GBV_ILN_176 
912 |a GBV_ILN_176_1 
912 |a GBV_ILN_183 
912 |a GBV_ILN_183_b21602 
912 |a GBV_ILN_203 
912 |a GBV_ILN_203_m36609 
912 |a GBV_ILN_216 
912 |a ISIL_DE-Bs78 
912 |a GBV_ILN_227 
912 |a ISIL_DE-56 
912 |a GBV_ILN_285 
912 |a ISIL_DE-517 
912 |a GBV_ILN_350 
912 |a ISIL_DE-2795 
912 |a GBV_ILN_350_ 
912 |a GBV_ILN_606 
912 |a ISIL_DE-B1549 
912 |a GBV_ILN_694 
912 |a ISIL_DE-Po82 
912 |a GBV_ILN_697 
912 |a ISIL_DE-Y8 
912 |a GBV_ILN_737 
912 |a GBV_ILN_2001 
912 |a ISIL_DE-21 
912 |a GBV_ILN_2002 
912 |a ISIL_DE-21-62 
912 |a ISIL_DE-21-106 
912 |a GBV_ILN_2003 
912 |a ISIL_DE-25 
912 |a GBV_ILN_2005 
912 |a ISIL_DE-291-313 
912 |a GBV_ILN_2006 
912 |a ISIL_DE-14 
912 |a GBV_ILN_2007 
912 |a ISIL_DE-352 
912 |a GBV_ILN_2008 
912 |a ISIL_DE-24 
912 |a GBV_ILN_2009 
912 |a ISIL_DE-180 
912 |a GBV_ILN_2010 
912 |a ISIL_DE-15 
912 |a GBV_ILN_2011 
912 |a ISIL_DE-16 
912 |a GBV_ILN_2012 
912 |a ISIL_DE-16-34 
912 |a ISIL_DE-16-47 
912 |a GBV_ILN_2015 
912 |a ISIL_DE-93 
912 |a GBV_ILN_2018 
912 |a ISIL_DE-31 
912 |a GBV_ILN_2020 
912 |a ISIL_DE-Ch1 
912 |a GBV_ILN_2023 
912 |a ISIL_DE-Ka26 
912 |a GBV_ILN_2024 
912 |a ISIL_DE-B208 
912 |a GBV_ILN_2030 
912 |a ISIL_DE-77 
912 |a ISIL_DE-77-004 
912 |a GBV_ILN_2035 
912 |a ISIL_DE-Sp3 
912 |a GBV_ILN_2038 
912 |a ISIL_DE-752 
912 |a GBV_ILN_2056 
912 |a ISIL_DE-2491 
912 |a GBV_ILN_2121 
912 |a ISIL_DE-He79 
912 |a GBV_ILN_2156 
912 |a ISIL_DE-D264 
912 |a GBV_ILN_2165 
912 |a ISIL_DE-296 
912 |a GBV_ILN_2470 
912 |a ISIL_DE-615 
912 |a ISIL_DE-F131 
912 |a GBV_ILN_2498 
912 |a ISIL_DE-B19 
912 |a GBV_ILN_2505 
912 |a ISIL_DE-B478 
912 |a GBV_ILN_2579 
912 |a ISIL_DE-Mz5 
935 |i mdedup 
935 |i sf 
936 r v |a NQ 2650  |b Russlandkrieg 1941 - 1945 / Ostfront  |k Geschichte  |k Geschichte seit 1918  |k Geschichte des Zweiten Weltkrieges  |k Kriegsausbruch und Kriegsverlauf  |k Russlandkrieg 1941 - 1945 / Ostfront  |0 (DE-627)1270775693  |0 (DE-625)rvk/128296:  |0 (DE-576)200775693 
936 r v |a NQ 4025  |b Italien im Zweiten Weltkrieg  |k Geschichte  |k Geschichte seit 1918  |k Geschichte der auswärtigen Staaten (1918 - 1945)  |k Südeuropa  |k Italien  |k Faschistisches Italien  |k Italien im Zweiten Weltkrieg  |0 (DE-627)1271471647  |0 (DE-625)rvk/128455:  |0 (DE-576)201471647 
936 b k |a 15.24  |j Zweiter Weltkrieg  |q coli-conc RVK->BK  |q https://coli-conc.gbv.de/api/mappings/615c7dd1-9ff4-4b82-8384-08adf4bc57df  |0 (DE-627)181571013 
936 b k |a 15.67  |j Italien  |x Geschichte  |0 (DE-627)181569728 
936 f i |0 (DE-627)1756131864  |a RA07.01  |b Sowjetunion  |k Europa  |k Osteuropa  |k Sowjetunion  |2 fivr 
936 f i |0 (DE-627)1756131805  |a RA06.03  |b Italien  |k Europa  |k Südeuropa  |k Italien  |2 fivr 
936 f i |0 (DE-627)1756135258  |a SA02  |b Geschichte  |k Allgemeine Literatur  |k Geschichte  |2 fivs 
936 f i |0 (DE-627)1756135428  |a SC05  |b Krieg/Kriegführung  |k Internationale Sicherheit/Verteidigung  |k Krieg/Kriegführung  |2 fivs 
936 s n |a n100  |2 mzub 
938 1 0 |0 (DE-627)1756165718  |0 (DE-615)6602024  |a Italien  |2 fivt 
938 1 0 |0 (DE-627)175615998X  |0 (DE-615)6602411  |a Sowjetunion  |2 fivt 
938 1 0 |0 (DE-627)1756220158  |0 (DE-615)6601550  |a Kriegführung  |2 fivt 
938 1 0 |0 (DE-627)106075403  |0 (DE-588)4079167-1  |a Zweiter Weltkrieg  |2 gnd  |2 fivt 
938 1 0 |0 (DE-627)1756140596  |0 (DE-615)6604128  |a Militärische Intervention  |2 fivt 
938 1 0 |0 (DE-627)1756182876  |0 (DE-615)6605047  |a Kriegsursachen  |2 fivt 
938 1 0 |0 (DE-627)1756189609  |0 (DE-615)6607951  |a Besatzungspolitik  |2 fivt 
938 1 0 |0 (DE-627)1756149712  |0 (DE-615)6602869  |a Militärische Zusammenarbeit  |2 fivt 
938 1 0 |0 (DE-627)101639600  |0 (DE-588)2008993-4  |a Deutsches Reich  |2 gnd  |2 fivt 
951 |a BO 
980 |2 11  |1 01  |x 0001  |b 749335114  |c 00  |f 2  |d 1 A 584938  |e u  |j --%%--  |y k  |z 06-04-06 
980 |2 20  |1 01  |x 0084  |b 744541018  |c 00  |f LS3  |d GE A 600 (091)  |e --%%--  |j --%%--  |c 09  |f --%%--  |d 2850-5066  |e --%%--  |j --%%--  |y k  |z 17-11-05 
980 |2 20  |1 02  |x 0084  |b 889712484  |c 00  |f Q4  |d Po 4285  |e i  |j --%%--  |y riQ4  |z 05-09-08 
980 |2 21  |1 01  |x 0046  |b 741625377  |c 00  |f E03  |d a hit 212 ita/266  |e u  |j --%%--  |y zza  |z 27-10-05 
980 |2 22  |1 01  |x 0018  |b 741599872  |c 00  |f SUB  |d A 2005/6439  |e u  |j --%%--  |y zu  |z 27-10-05 
980 |2 22  |1 02  |x 0018  |b 748486925  |c 00  |f H250  |d III Bc 2/91  |e i  |j --%%--  |y zi25008  |z 19-12-05 
980 |2 22  |1 03  |x 0018  |b 751596167  |c 00  |f 18/76-m  |d J 27b/91  |e i  |j --%%--  |y zi07603  |z 17-01-06 
980 |2 24  |1 01  |x 0008  |b 743401034  |c 00  |f 10 gsf 155  |d Bc 7782  |e u  |j --%%--  |h hb  |y zz1  |z 09-11-05 
980 |2 24  |1 03  |x 0008  |b 746984855  |c 00  |f 8/010  |d IB-XVIIIb-0135  |e d  |j --%%--  |c 04  |f --%%--  |d Bereich Politik  |e --%%--  |j --%%--  |h cw  |y zf010  |z 07-12-05 
980 |2 31  |1 01  |x 0027  |b 755052315  |c 00  |f J 23  |d HIS:ET:354:::2005  |e d  |j --%%--  |y z  |z 29-03-06 
980 |2 40  |1 01  |x 0007  |b 743117840  |c 00  |f FMAG  |d 2005 A 22068  |e u  |j --%%--  |y ksn  |z 08-12-05 
980 |2 40  |1 02  |x 0007  |b 746375069  |c 00  |f BBK-HIST  |d H IV Q 9080  |e i  |j --%%--  |y zi053  |z 01-12-05 
980 |2 40  |1 03  |x 0007  |b 139032706X  |c 00  |f BBK-HIST  |d H IV Q 9080/2013.337  |e u  |j --%%--  |y zi053  |z 14-05-13 
980 |2 69  |1 01  |x 0009  |b 1430535105  |c 00  |f BB 310  |d 310/NQ 4025 S341  |e u  |j --%%--  |y z  |z 22-05-14 
980 |2 70  |1 01  |x 89/19  |b 742702006  |c 00  |f FBSBB  |d Hist 9721/1705  |e u  |j --%%--  |y ksg  |z 04-11-05 
980 |2 72  |1 01  |x 0035  |b 744497647  |c 00  |f ZEN  |d 2005/7531  |e u  |j --%%--  |y kz  |z 17-11-05 
980 |2 77  |1 01  |x 3077  |b 741584689  |c 00  |f --%%--  |d 2005.762  |e u  |j --%%--  |y l  |z 27-10-05 
980 |2 100  |1 01  |x 3100  |b 1374298573  |c 00  |f FH  |d 2013.02842:1  |e u  |j --%%--  |y k  |z 14-10-13 
980 |2 110  |1 01  |x 3110  |b 752581503  |c 00  |f CAM  |d Gesch 1040.029  |e u  |j --%%--  |y kz  |z 25-01-06 
980 |2 120  |1 01  |x 0715  |b 749420634  |c 00  |f --%%--  |d hit 212 ita CP 5028  |e u  |j --%%--  |h alma  |y z  |z 02-01-06 
980 |2 121  |1 01  |x 0045  |b 751059382  |c 00  |f --%%--  |d 06-0656  |e u  |j --%%--  |h alma  |y z  |z 11-01-06 
980 |2 176  |1 01  |x 3703/1  |b 743940776  |c 00  |f Au  |d Eln 2 05 : R 232 (91)  |e u  |j --%%--  |y k1  |z 14-11-05 
980 |2 183  |1 01  |x 3517  |b 741250772  |c 00  |f H216  |d Pol 13/1:91  |e c  |j --%%--  |y zb21602  |z 25-10-05 
980 |2 203  |1 01  |x 3522  |b 772723478  |c 00  |f H366  |d H II Sow 33  |e i  |j --%%--  |y zm36609  |z 26-07-06 
980 |2 216  |1 01  |x 3708  |b 884968685  |c 00  |f --%%--  |d WH - C 13936  |e u  |j --%%--  |y nwh  |z 12-12-05 
980 |2 227  |1 01  |x 0056  |b 743006631  |c 00  |f --%%--  |d I 136-774  |e u  |j --%%--  |y x  |z 11-11-05 
980 |2 285  |1 01  |x 0517  |b 743372050  |c 00  |f 4600  |d NQ 4025 SCHLE  |e u  |j --%%--  |y z  |z 09-11-05 
980 |2 350  |1 01  |x 8293  |b 098380109  |c 00  |f LESESAAL  |d Cgb 3 -91  |e i  |j --%%--  |y n  |z 21-11-05 
980 |2 606  |1 01  |x 4606  |b 878075658  |c 00  |f Schöneweide-Magazin  |d Qc Ita Sch  |e i  |j --%%--  |y ns  |z 01-08-07 
980 |2 606  |1 02  |x 4606  |b 878630430  |c 00  |f T  |d Qa VII Sch  |e i  |j --%%--  |h b qa  |y nt  |z 22-01-08 
980 |2 606  |1 03  |x 4606  |b 933707096  |c 00  |f Schöneweide  |d Qc Ita Sch  |e i  |j --%%--  |y zs  |z 07-05-09 
980 |2 694  |1 01  |x 4694  |b 1541823435  |c 00  |f --%%--  |d ZZF 22431  |e c  |j --%%--  |y n  |z 20-01-15 
980 |2 697  |1 01  |x 4697  |b 1475792603  |c 00  |f MA  |d D 764 .I746 2005  |e u  |j --%%--  |y z  |z 14-05-14 
980 |2 737  |1 01  |x 4737/0013  |b 423245537X  |c 00  |f wir-bib  |d D V 488  |e u  |j --%%--  |y nwir  |z 05-12-22 
980 |2 2001  |1 01  |x DE-21  |b 3221865112  |c 00  |f --%%--  |d 49 A 3257  |e --%%--  |j --%%--  |y l01  |z 20-03-09 
980 |2 2002  |1 01  |x DE-21-62  |b 322186521X  |c 00  |f --%%--  |d 28812  |e p  |j --%%--  |y l01  |z 02-12-05 
980 |2 2002  |1 12  |x DE-21-106  |b 3221865244  |c 00  |f --%%--  |d H VI Schle T  |e p  |j --%%--  |y l01  |z 21-12-09 
980 |2 2003  |1 01  |x DE-25  |b 3221865325  |c 00  |f --%%--  |d GE 2005/8460  |e --%%--  |j --%%--  |y l01  |z 09-11-05 
980 |2 2005  |1 01  |x DE-291-313  |b 3221865384  |c 00  |f --%%--  |d Pi5 3010  |e p  |j --%%--  |y l01  |z 09-11-05 
980 |2 2005  |1 13  |x DE-291  |b 3221865392  |c 00  |f --%%--  |d 2006-5571  |e --%%--  |j --%%--  |y l01  |z 17-05-06 
980 |2 2006  |1 01  |x DE-14  |b 322186552X  |c 00  |f --%%--  |d --%%--  |e --%%--  |j --%%--  |y l01  |z 06-09-05 
980 |2 2007  |1 01  |x DE-352  |b 3221865619  |c 00  |f --%%--  |d --%%--  |e --%%--  |j --%%--  |y l01  |z 19-07-11 
980 |2 2008  |1 01  |x DE-24  |b 3221865694  |c 00  |f --%%--  |d 54/27008  |e --%%--  |j --%%--  |c 01  |f Magazin 8  |d NQ 2650 54/27008  |e --%%--  |j --%%--  |k mh F  |y l01  |z 07-12-05 
980 |2 2009  |1 02  |x DE-180  |b 3221865759  |c 00  |f 300  |d 300 NQ 2650 S341  |e --%%--  |j n  |y l01  |z 03-03-16 
980 |2 2009  |1 04  |x DE-180  |b 3221865775  |c 00  |f WEST_UG  |d 2005 A 6269  |e --%%--  |j l  |y l01  |z 28-03-16 
980 |2 2010  |1 01  |x DE-15  |b 3221865821  |c 00  |f --%%--  |d --%%--  |e --%%--  |j --%%--  |y l01  |z 02-03-07 
980 |2 2011  |1 01  |x DE-16  |b 3221865902  |c 00  |f --%%--  |d 2006 A 256  |e --%%--  |j --%%--  |y l01  |z 09-01-06 
980 |2 2012  |1 01  |x DE-16-34  |b 3221866003  |c 00  |f --%%--  |d Gu 241  |e p  |j --%%--  |y l01  |z 09-11-05 
980 |2 2012  |1 13  |x DE-16-47  |b 322186602X  |c 00  |f --%%--  |d GR/NQ 4025 S341  |e p  |j --%%--  |y l01  |z 22-03-06 
980 |2 2015  |1 01  |x DE-93  |b 3221866143  |c 00  |f --%%--  |d 2Z 2783-91  |e --%%--  |j --%%--  |y l01  |z 03-02-06 
980 |2 2018  |1 01  |x DE-31  |b 3221866216  |c 00  |f --%%--  |d 106 A 5322  |e --%%--  |j --%%--  |y l01  |z 08-05-06 
980 |2 2020  |1 01  |x DE-Ch1  |b 3221866291  |c 00  |f --%%--  |d bestellt 10/2005  |e e  |j --%%--  |y l01  |z 10-10-05 
980 |2 2023  |1 01  |x DE-Ka26  |b 3221866372  |c 00  |f --%%--  |d ZR 850/085-91  |e --%%--  |j --%%--  |k 25.11.2005/Hd  |y l01  |z 24-10-05 
980 |2 2024  |1 01  |x DE-B208  |b 3221866461  |c 00  |f --%%--  |d VR: XVII Cd: 412  |e p  |j --%%--  |y l01  |z 16-11-05 
980 |2 2030  |1 01  |x DE-77  |b 4878386428  |c 00  |f --%%--  |d 233.519  |e --%%--  |j l  |y l01  |z 05-01-06 
980 |2 2030  |1 02  |x DE-77-004  |b 4878386444  |c 00  |f Standort Mittlere und Neuere Geschichte  |d V 8120 a  |e --%%--  |j n  |y l02  |z 28-05-14 
980 |2 2035  |1 01  |x DE-Sp3  |b 3221866550  |c 00  |f --%%--  |d --%%--  |e p  |j --%%--  |y l01  |z 26-10-05 
980 |2 2038  |1 01  |x DE-752  |b 322186664X  |c 00  |f --%%--  |d E kn 5/ Ital 02  |e --%%--  |j --%%--  |k 24 cm korr. 2007/49-y-2  |y l01  |z 23-03-06 
980 |2 2056  |1 01  |x DE-2491  |b 3807754466  |c 00  |f --%%--  |d Hl 420 (091  |e --%%--  |j n  |y l01  |z 23-07-20 
980 |2 2121  |1 01  |x DE-He79  |b 3221866712  |c 00  |f --%%--  |d 4002 VJZ/SR-91  |e p  |j --%%--  |y l01  |z 24-10-05 
980 |2 2156  |1 01  |x DE-D264  |b 3221866828  |c 00  |f --%%--  |d 2005 0997 01  |e p  |j --%%--  |y l01  |z 27-07-05 
980 |2 2165  |1 01  |x DE-296  |b 3221866860  |c 00  |f --%%--  |d g 131:91  |e --%%--  |j --%%--  |y l01  |z 08-08-07 
980 |2 2165  |1 02  |x DE-296  |b 3221866879  |c 00  |f --%%--  |d Bg 6736  |e --%%--  |j --%%--  |y l02  |z 13-02-09 
980 |2 2470  |1 01  |x DE-615  |b 3221866984  |c 00  |f --%%--  |d --%%--  |e p  |j --%%--  |y l01  |z 29-11-11 
980 |2 2470  |1 02  |x DE-F131  |b 322186700X  |c 00  |f --%%--  |d DG 45504  |e l  |j n  |y l02  |z 29-11-11 
980 |2 2498  |1 01  |x DE-B19  |b 3221867093  |c 00  |f --%%--  |d Ob 460:134  |e --%%--  |j n  |y l01  |z 27-07-16 
980 |2 2505  |1 01  |x DE-B478  |b 3221867174  |c 00  |f --%%--  |d --%%--  |e --%%--  |j --%%--  |k 1105  |y l01  |z 10-07-15 
980 |2 2579  |1 01  |x DE-Mz5  |b 4700550023  |c 00  |f IEG/2  |d LM 453  |e p  |j n  |y l01  |z 09-11-05 
982 |2 203  |1 01  |x 3522  |8 00  |a Italien 
982 |2 203  |1 01  |x 3522  |8 01  |a Zweiter Weltkrieg 
982 |2 203  |1 01  |x 3522  |8 02  |a Faschismus 
982 |2 203  |1 01  |x 3522  |8 03  |a Sowjetunion 
982 |2 350  |1 01  |x 8293  |8 00  |a Italien 
982 |2 350  |1 01  |x 8293  |8 00  |a Weltkrieg <1939-1945> 
982 |2 350  |1 01  |x 8293  |8 00  |a Sowjetunion 
982 |2 350  |1 01  |x 8293  |8 00  |a 1942-1943 
982 |2 350  |1 01  |x 8293  |8 00  |a Quelle 
982 |2 694  |1 00  |x DE-Po82  |8 00  |a Italien 
982 |2 694  |1 00  |x DE-Po82  |8 01  |a Militär 
982 |2 694  |1 00  |x DE-Po82  |8 02  |a Russlandfeldzug <1941-1945> 
982 |2 694  |1 00  |x DE-Po82  |8 03  |a Geschichte 
982 |2 694  |1 00  |x DE-Po82  |8 04  |a Quelle 
982 |2 694  |1 00  |x DE-Po82  |8 05  |a IV 
982 |2 737  |1 00  |x 4737  |8 00  |a Italien 
982 |2 737  |1 00  |x 4737  |8 01  |a Weltkrieg <1939-1945> 
982 |2 737  |1 00  |x 4737  |8 02  |a Ostfront 
982 |2 737  |1 00  |x 4737  |8 03  |a Quelle 
982 |2 737  |1 00  |x 4737  |8 04  |a Weltkrieg <1939-1945 
982 |2 2002  |1 12  |x DE-21-106  |8 00  |s s  |a Besatzungspolitik 
982 |2 2002  |1 12  |x DE-21-106  |8 01  |s s  |a Ostfront 
982 |2 2002  |1 12  |x DE-21-106  |8 02  |s s  |a Zweiter Weltkrieg 
982 |2 2002  |1 12  |x DE-21-106  |8 03  |s s  |a Dokumente 
982 |2 2002  |1 12  |x DE-21-106  |8 04  |s s  |a Kriegsverbrechen 
982 |2 2002  |1 12  |x DE-21-106  |8 05  |s s  |a Soldaten 
982 |2 2002  |1 12  |x DE-21-106  |8 06  |s s  |a Italienische Geschichte 
982 |2 2002  |1 12  |x DE-21-106  |8 07  |s s  |a Vergangenheitsbewältigung 
982 |2 2002  |1 12  |x DE-21-106  |8 08  |s s  |a Kriegserfahrung 
982 |2 2056  |1 01  |x DE-2491  |8 00  |s s  |a Italia 
982 |2 2056  |1 01  |x DE-2491  |8 00  |s s  |a Unione Sovietica 
982 |2 2056  |1 01  |x DE-2491  |8 01  |s s  |a storia contemporanea 1942-1943 
982 |2 2056  |1 01  |x DE-2491  |8 02  |s s  |a Guerra mondiale II 
982 |2 2056  |1 01  |x DE-2491  |8 03  |s s  |a testo 
982 |2 2470  |1 01  |x DE-615  |8 00  |s s  |a Italien; Sowjetunion; Kriegführung; Weltkrieg 2. (1939-1945); Militärische Intervention; Kriegsursachen; Besatzungspolitik; Militärische Zusammenarbeit; Deutsches Reich 
982 |2 2505  |1 01  |x DE-B478  |8 00  |s s  |a 20. Jahrhundert 
982 |2 2505  |1 01  |x DE-B478  |8 00  |s z  |a 1942-1943 
983 |2 21  |1 00  |x DE-46  |8 30  |a hit 212 ita 
983 |2 21  |1 00  |x DE-46  |8 31  |a hit 232 ita 
983 |2 21  |1 00  |x DE-46  |8 99  |a 24 
983 |2 24  |1 01  |x 0008  |8 50  |0 (DE-627)503440019  |a gsf 155.30  |b Russlandfeldzug <1941-1945> 
983 |2 24  |1 01  |x 0008  |8 70  |0 (DE-627)514575093  |a gsf 155  |b Russlandfeldzug <1941-1945> 
983 |2 100  |1 00  |x DE-Ma9  |8 00  |a F/D 152 Ital 
983 |2 110  |1 00  |x DE-Luen4  |8 00  |a Gesch 1040 
983 |2 120  |1 00  |x DE-715  |8 00  |a hit 212 ita 
983 |2 120  |1 00  |x DE-715  |8 01  |a hit 232 ita 
983 |2 120  |1 01  |x 0715  |8 00  |a hit 212 ita 
983 |2 120  |1 01  |x 0715  |8 00  |a hit 232 ita 
983 |2 203  |1 01  |x 3522  |8 00  |a H II Sow 
983 |2 285  |1 00  |x DE-517  |8 00  |a NQ 4025 
983 |2 2038  |1 01  |x DE-752  |8 00  |0 (DE-627)1296569454  |a E kn 5 
983 |2 2156  |1 01  |x DE-D264  |8 00  |0 (DE-627)1300434295  |a NQ 4025 
983 |2 2470  |1 01  |x DE-615  |8 00  |a SA02 Geschichte 
983 |2 2470  |1 01  |x DE-615  |8 01  |a SC05 Krieg/Kriegführung 
983 |2 2470  |1 01  |x DE-615  |8 02  |a RA07.01 Sowjetunion 
983 |2 2470  |1 01  |x DE-615  |8 03  |a RA06.03 Italien 
984 |2 11  |1 01  |x 0001  |a 144795435010 
984 |2 20  |1 01  |x 0084  |a 84$028505066 
984 |2 22  |1 01  |x 0018  |a 933981207 
984 |2 22  |1 03  |x 0018  |a 085699832 
984 |2 24  |1 01  |x 0008  |a 8$0011878533 
984 |2 24  |1 03  |x 0008  |a 8$0015211568 
984 |2 31  |1 01  |x 0027  |a 27$020970412 
984 |2 40  |1 01  |x 0007  |a 7$217971016 
984 |2 40  |1 02  |x 0007  |a 7$225337118 
984 |2 40  |1 03  |x 0007  |a 7$226594602 
984 |2 69  |1 01  |x 0009  |a 9$10144129 
984 |2 70  |1 01  |x 89/19  |a 89$126905509 
984 |2 72  |1 01  |x 0035  |a 35$034045929 
984 |2 77  |1 01  |x 3077  |a HV14$0579408 
984 |2 100  |1 01  |x 3100  |a MA9$00720020X 
984 |2 110  |1 01  |x 3110  |a LUN4$05453054 
984 |2 120  |1 01  |x 0715  |a 18157639 
984 |2 121  |1 01  |x 0045  |a 45$16405360 
984 |2 176  |1 01  |x 3703/1  |a AU3$00523313 
984 |2 183  |1 01  |x 3517  |a 091682677 
984 |2 227  |1 01  |x 0056  |a 56$002253266 
984 |2 285  |1 01  |x 0517  |a 05913001 
984 |2 350  |1 01  |x 8293  |a 9783486578478 
984 |2 694  |1 01  |x 4694  |a 469412363598 
984 |2 2018  |1 01  |x DE-31  |a 47827433031 
984 |2 2498  |1 01  |x DE-B19  |a 000000072366 
985 |2 21  |1 01  |x 0046  |a vy 7266 
985 |2 22  |1 02  |x 0018  |a 2554/05 
985 |2 22  |1 03  |x 0018  |a XXX 44 
985 |2 31  |1 01  |x 0027  |a C 10430 
985 |2 40  |1 02  |x 0007  |a 2005.608 
985 |2 40  |1 03  |x 0007  |a 2013.337 
985 |2 69  |1 01  |x 0009  |a 2014.4374 
985 |2 70  |1 01  |x 89/19  |a BBG 2005-1872 
985 |2 72  |1 01  |x 0035  |a 35$034045929f 
985 |2 77  |1 01  |x 3077  |a 2005.762 
985 |2 110  |1 01  |x 3110  |a 05-1405 
985 |2 120  |1 01  |x 0715  |a CP 5028 
985 |2 183  |1 01  |x 3517  |a 1147/05 
985 |2 203  |1 01  |x 3522  |a 2005/11279 
985 |2 216  |1 01  |x 3708  |a wh 2005/870 
985 |2 227  |1 01  |x 0056  |a F 05.339 
985 |2 285  |1 01  |x 0517  |a 05009053 
985 |2 350  |1 01  |x 8293  |a 2004/602 
985 |2 606  |1 01  |x 4606  |a s10/0156a 
985 |2 606  |1 03  |x 4606  |a s09/00098 
985 |2 697  |1 01  |x 4697  |a 2004/1846 
985 |2 737  |1 01  |x 4737/0013  |a 26005 
985 |2 2002  |1 12  |x DE-21-106  |a 451/2005 
985 |2 2005  |1 01  |x DE-291-313  |a 2005-1618 
985 |2 2056  |1 01  |x DE-2491  |a 2004.1709 
985 |2 2579  |1 01  |x DE-Mz5  |a 2005.273 
995 |2 24  |1 01  |x 0008  |a hb 
995 |2 24  |1 03  |x 0008  |a cw 
995 |2 120  |1 01  |x 0715  |a alma 
995 |2 121  |1 01  |x 0045  |a alma 
995 |2 606  |1 02  |x 4606  |a b qa 
998 |2 31  |1 01  |x 0027  |a HIS 200603 
998 |2 40  |1 01  |x 0007  |0 2005-12  |a d 
998 |2 2001  |1 01  |x DE-21  |0 0903  |f 25